| 000 | 00414nam a2200169 4500 | ||
|---|---|---|---|
| 003 | LK-CoMWRAF | ||
| 005 | 20230828123615.0 | ||
| 008 | 230828b1998 |||||||| |||| 00| 0 eng d | ||
| 040 |
_aLK-CoMWRAF _dLK-CoMWRAF _eLK-CoMWRAF |
||
| 041 | _aeng | ||
| 082 |
_a370.1 _bVAL |
||
| 245 | _aValue based education 6 | ||
| 260 |
_bVicas publishing Ltd _c1998 |
||
| 490 | _aLet's Try... | ||
| 650 | _aEducation | ||
| 942 | _cBK | ||
| 999 |
_c3288 _d3288 |
||